Le Mexique (Record no. 4076)

MARC details
000 -CABECERA
campo de control de longitud fija 00699nam a2200241 a 4500
001 - NÚMERO DE CONTROL
campo de control BRCA_4365
005 - FECHA Y HORA DE LA ÚLTIMA TRANSACCIÓN
campo de control 20190320204637.0
008 - DATOS DE LONGITUD FIJA--INFORMACIÓN GENERAL
campo de control de longitud fija 160210s1843----fr-#######---#000-0#fre-#
041 ## - CÓDIGO DE LENGUA
Código de lengua del texto/banda sonora o título independiente fre
044 ## - CÓDIGO DEL PAÍS DE LA ENTIDAD EDITORA/PRODUCTORA
Código MARC del país fr
050 #4 - SIGNATURA TOPOGRÁFICA DE LA BIBLIOTECA DEL CONGRESO
Número de clasificación F1213
Número de documento/Ítem .L69 1
-- 1843
100 1# - ENTRADA PRINCIPAL--NOMBRE DE PERSONA
Nombre de persona Löwenstern, Isidore
9 (RLIN) 10527
245 10 - MENCIÓN DE TÍTULO
Título Le Mexique
Resto del título Souvenirs d`un Voyageur
Mención de responsabilidad, etc. par Isidore Löwenstern.
260 ## - PUBLICACIÓN, DISTRIBUCIÓN, ETC.
Lugar de publicación, distribución, etc. París
Nombre del editor, distribuidor, etc. Arthus Bertrand
Fecha de publicación, distribución, etc. 1843
300 ## - DESCRIPCIÓN FÍSICA
Extensión viii, 466 p.
Dimensiones 23 cm.
500 ## - NOTA GENERAL
Nota general Estado físico: Encuadernación deteriorada
500 ## - NOTA GENERAL
Nota general Ejemplar igual a B191 y C132
500 ## - NOTA GENERAL
Nota general B160
650 14 - PUNTO DE ACCESO ADICIONAL DE MATERIA--TÉRMINO DE MATERIA
Término de materia o nombre geográfico como elemento de entrada Viajeros franceses
9 (RLIN) 7982
651 #4 - PUNTO DE ACCESO ADICIONAL DE MATERIA--NOMBRE GEOGRÁFICO
Nombre geográfico México
Subdivisión general Descripción y viajes
9 (RLIN) 103
902 ## - CATALOGADOR
Iniciales GFM
942 ## - ELEMENTOS DE PUNTO DE ACCESO ADICIONAL (KOHA)
Fuente del sistema de clasificación o colocación Library of Congress Classification
Tipo de ítem Koha Libros
Holdings
Estado de retiro Estado de pérdida Estado dañado No para préstamo Localización permanente Ubicación/localización actual Fecha de adquisición Número de inventario Total de préstamos Signatura topográfica completa Código de barras Fecha visto por última vez Precio válido a partir de Tipo de ítem Koha
El ejemplar forma parte de la colección y puede ser consultado según las políticas vigentes.       Biblioteca del Museo Franz Mayer (Rogerio Casas-Alatriste) Biblioteca del Museo Franz Mayer (Rogerio Casas-Alatriste) 16/07/2010 B160   F1213 .L69 1 1843 (B160) 4362 22/03/2019 22/03/2019 Libros